| 000 | 00722nam a2200229 a 4500 | ||
|---|---|---|---|
| 999 |
_c1745 _d1745 |
||
| 001 | 1745 | ||
| 003 | BD-JhCC | ||
| 005 | 20190901134018.0 | ||
| 008 | 171023s1994 bg |||| |||| 000 0 ben d | ||
| 020 | _a9844650372 | ||
| 035 | _a(BD-JhCC)1745 | ||
| 040 |
_aBD-JhCC _dBD-JhCC |
||
| 041 | _aben | ||
| 082 |
_a796 _bSHA 1994 |
||
| 100 | _aশহীদ, সৈয়দ | ||
| 245 |
_aবিশ্বের শ্রেষ্ঠ দশ খেলোয়াড় / _cসৈয়দ শহীদ |
||
| 260 |
_aঢাকা : _bকমলা প্রিন্টার্স ; _c১৯৯৪ |
||
| 300 |
_a১১৬ পৃ. ; _c২২ সে.মি. |
||
| 650 | _aSports | ||
| 650 | _aperformance art | ||
| 942 |
_2ddc _cBK _01 |
||